| 000 | 00394cam a2200181ua 4500 | ||
|---|---|---|---|
| 020 | _cRs. 0.2 | ||
| 041 |
_amal _h |
||
| 082 |
_a635.9 _bGOP/NA |
||
| 100 | _aGopinathan, K . | ||
| 245 | _aNamukkoru poonthottam | ||
| 250 |
_a1 / _b. |
||
| 260 |
_aCalicut : _bP.K Brothers , _c1964. |
||
| 300 | _a143 ; . | ||
| 365 | _aRs. 0.2 | ||
| 504 | _a | ||
| 942 | _cBK | ||
| 999 |
_c188 _d188 |
||